| 000 | 00787nam a2200277Ia 4500 | ||
|---|---|---|---|
| 003 | OSt | ||
| 005 | 20221007095158.0 | ||
| 006 | a|||||r|||| 00| 0 | ||
| 007 | ta | ||
| 008 | 221006b |||||||| |||| 00| 0 eng d | ||
| 020 | _a0195639286 | ||
| 024 | _a1,013 | ||
| 037 | _cReference Collections | ||
| 040 |
_aLCO _cLCO _beng |
||
| 041 |
_2eng _aeng |
||
| 082 | _aY592:4:6, N6 | ||
| 100 |
_aMendelsohn O. Ed. _9700920 |
||
| 245 | 0 | _aRights of Subordinated Peoples | |
| 250 | _a1st | ||
| 260 |
_aDelhi _bOxford University Press India _c1996 |
||
| 300 | _a377 | ||
| 650 |
_aRIGHTS OF SUBORDINATED PEOPLES _9700921 |
||
| 700 |
_a Baxi U. Ed. _9700922 |
||
| 942 |
_hY592:4:6, N6 _cREF |
||
| 999 |
_c1170576 _d1170576 |
||